00460nam a2200169 a 450000100060000000300090000600800410001502000150005604000280007108200180009910000330011724500410015026000460019130000100023765000210024765000220026816897CO-ViMGA141112s2004 ck r 000 u spa d a9586824004 aCO-ViMGAbspacCO-ViMGA04a370.114 V455e1 aVillegas de Posada, Cristina10aEducación para el desarrollo moral aBogotá, cAlfaomega, cUniandes, c2002 a88.p.14aDESARROLLO MORAL14aEDUCACIÓN MORAL